Az MSZMP Csongrád megyei Bizottságának határozata a megye VI. ötéves területfejlesztési irányelveiről

Elmentve itt :
Bibliográfiai részletek
Dokumentumtípus: Cikk
Megjelent: 1981-03-22
Sorozat:Délmagyarország 71 No. 69
Kulcsszavak:Csongrád megye, Területfejlesztés Csongrád megye, Párt Magyar Szocialista Munkáspárt Csongrád megye
Online Access:http://dmarchiv.bibl.u-szeged.hu/86145
LEADER 00575nab a2200145 i 4500
001 delm86145
005 20190618122548.0
008 190618s1981 hu o 0|| hun d
040 |a SZTE Délmagyarország Archívum  |b hun 
041 |a hun 
245 0 3 |a Az MSZMP Csongrád megyei Bizottságának határozata a megye VI. ötéves területfejlesztési irányelveiről  |h [elektronikus dokumentum] 
260 |c 1981-03-22 
300 |a 2-5 
490 0 |a Délmagyarország  |v 71 No. 69 
695 |a Csongrád megye, Területfejlesztés Csongrád megye, Párt Magyar Szocialista Munkáspárt Csongrád megye